[Event "Junior Online 4NCL Division 5"]
[Site "online"]
[Date "2020.05.07"]
[Round "4.83"]
[White "Madoc, Arthur"]
[Black "Greenman, Max"]
[Result "1-0"]
[WhiteElo "1262"]
[BlackElo "561"]
[PlyCount "71"]
[EventDate "2020.05.07"]
[WhiteTeam "St Mary's Harborne"]
[BlackTeam "Rhydypenau Raiders"]

1. e4 e5 2. Nf3 Nc6 3. Nc3 Nf6 4. b3 Bc5 5. Bc4 O-O 6. O-O d6 7. Nd5 Nxe4 8. d3
Nf6 9. Bg5 Ne7 10. Bxf6 Ng6 11. Bxd8 Rxd8 12. Nxc7 Rb8 13. Ng5 Rd7 14. Nb5 a6
15. Nc3 Bd4 16. Qd2 h5 17. h3 Rc7 18. Rac1 Bd7 19. Nxf7 Bb5 20. Nxd6+ Bxc4 21.
Nxc4 b5 22. Nd5 Rc5 23. Nb4 Rb6 24. c3 bxc4 25. cxd4 exd4 26. dxc4 a5 27. Qxd4
axb4 28. Qxc5 Rf6 29. Qc8+ Rf8 30. Qe6+ Rf7 31. Qxg6 Rf8 32. Rcd1 Rf7 33. Rd8+
Rf8 34. Rxf8+ Kxf8 35. Rd1 Kg8 36. Rd8# 1-0

[Event "Junior Online 4NCL Division 5"]
[Site "online"]
[Date "2020.05.07"]
[Round "4.84"]
[White "Kong, Emma"]
[Black "Mykhnenko, Marijka"]
[Result "0-1"]
[WhiteElo "599"]
[BlackElo "1015"]
[PlyCount "84"]
[EventDate "2020.05.07"]
[WhiteTeam "Rhydypenau Raiders"]
[BlackTeam "St Mary's Harborne"]

1. e4 e5 2. Nf3 Nc6 3. Nc3 Nf6 4. Bc4 Bc5 5. O-O O-O 6. d3 d6 7. Bg5 h6 8. Bh4
Nd4 9. Nxd4 Bxd4 10. Nd5 Kh8 11. c3 Bc5 12. d4 Bb6 13. dxe5 dxe5 14. Re1 c6 15.
Bb3 cxd5 16. exd5 g5 17. Bg3 Bc7 18. h3 h5 19. h4 gxh4 20. Bxh4 Rg8 21. Qd2 Rg6
22. Bc2 Kg8 23. Bxg6 fxg6 24. Rad1 Bg4 25. f3 Bb6+ 26. Kh1 Bc8 27. Qg5 Kg7 28.
Rxe5 Bc7 29. Re4 Qd6 30. g3 Nxe4 31. fxe4 Bd8 32. Qxd8 Qxd8 33. Bxd8 Bg4 34.
Rd2 Rxd8 35. e5 Bf3+ 36. Kh2 Bg4 37. c4 a6 38. c5 Be6 39. d6 Bxa2 40. Kh3 Be6+
41. Kh4 Kh6 42. b4 g5# 0-1

[Event "Junior Online 4NCL Division 5"]
[Site "online"]
[Date "2020.05.07"]
[Round "4.85"]
[White "Goldsmith, Henry"]
[Black "He, Tom Junde"]
[Result "0-1"]
[WhiteElo "778"]
[BlackElo "1397"]
[PlyCount "36"]
[EventDate "2020.05.07"]
[WhiteTeam "Rhydypenau Raiders"]
[BlackTeam "St Mary's Harborne"]

1. e4 e5 2. Nf3 Nc6 3. Bc4 h6 4. Nc3 Nf6 5. d3 d6 6. Be3 Be6 7. O-O Bxc4 8.
dxc4 Qd7 9. Qd3 Nb4 10. Qd2 Nc6 11. Rad1 O-O-O 12. Rfe1 Be7 13. Nd5 Nxe4 14.
Qd3 Nf6 15. a3 Qe6 16. b4 e4 17. Nxf6 exd3 18. cxd3 Bxf6 0-1

[Event "Junior Online 4NCL Division 5"]
[Site "online"]
[Date "2020.05.07"]
[Round "4.86"]
[White "Howett, Ralphie"]
[Black "Morgan, Emyr"]
[Result "0-1"]
[WhiteElo "1217"]
[BlackElo "757"]
[PlyCount "58"]
[EventDate "2020.05.07"]
[WhiteTeam "St Mary's Harborne"]
[BlackTeam "Rhydypenau Raiders"]

1. e4 e5 2. Nf3 Nc6 3. Nc3 Nf6 4. Bc4 Bc5 5. O-O O-O 6. d3 d6 7. Bg5 Bg4 8. h3
Bxf3 9. Qxf3 Nd4 10. Qf5 Nxf5 11. Nd5 Ng3 12. Rfe1 h6 13. Bh4 Ngh5 14. a3 g5
15. Bg3 Nxg3 16. b4 Bd4 17. Rac1 Nxd5 18. Bxd5 Qf6 19. Kh2 Bxf2 20. d4 Bxe1 21.
Rxe1 Qf2 22. Rg1 Nf1+ 23. Kh1 Ng3+ 24. Kh2 Ne2 25. Rd1 Qg3+ 26. Kh1 Nf4 27. Kg1
Ne2+ 28. Kh1 Nf4 29. Kg1 Qxg2# 0-1

[Event "Junior Online 4NCL Division 5"]
[Site "online"]
[Date "2020.05.07"]
[Round "4.87"]
[White "Greenman, Max"]
[Black "Madoc, Arthur"]
[Result "1-0"]
[WhiteElo "561"]
[BlackElo "1262"]
[PlyCount "45"]
[EventDate "2020.05.07"]
[WhiteTeam "Rhydypenau Raiders"]
[BlackTeam "St Mary's Harborne"]

1. e4 e5 2. Nf3 Nc6 3. Bc4 Nf6 4. O-O Nxe4 5. d3 Nf6 6. Nc3 d6 7. Re1 Bg4 8.
Be3 Be7 9. h3 Bh5 10. Qe2 O-O 11. Rad1 h6 12. Rb1 a6 13. Bb3 b5 14. Nd5 Nxd5
15. Bxd5 Qd7 16. Qd2 Rac8 17. Nh2 Bf6 18. Bxh6 gxh6 19. Qxh6 Qf5 20. Bxc6 Bg5
21. Qxh5 Rb8 22. Be4 Qf6 23. Qh7# 1-0

[Event "Junior Online 4NCL Division 5"]
[Site "online"]
[Date "2020.05.07"]
[Round "4.88"]
[White "Mykhnenko, Marijka"]
[Black "Kong, Emma"]
[Result "0-1"]
[WhiteElo "1015"]
[BlackElo "599"]
[PlyCount "44"]
[EventDate "2020.05.07"]
[WhiteTeam "St Mary's Harborne"]
[BlackTeam "Rhydypenau Raiders"]

1. e4 e5 2. Nf3 Nc6 3. Nc3 Nf6 4. Bd3 Bc5 5. O-O O-O 6. Bc4 d6 7. d3 Bg4 8. h3
Bh5 9. Nb5 a6 10. Na3 b5 11. Bd5 Nxd5 12. exd5 Nd4 13. Kh1 Nxf3 14. gxf3 b4 15.
Nc4 Qh4 16. Qe2 Qxh3+ 17. Kg1 Bxf3 18. Qxf3 Qxf3 19. Be3 Bxe3 20. fxe3 Qg3+ 21.
Kh1 Rfe8 22. Rg1 Qh3# 0-1

[Event "Junior Online 4NCL Division 5"]
[Site "online"]
[Date "2020.05.07"]
[Round "4.91"]
[White "Lyons, Joseph"]
[Black "Shen, Alex"]
[Result "1-0"]
[WhiteElo "1277"]
[BlackElo "1277"]
[PlyCount "93"]
[EventDate "2020.05.07"]
[WhiteTeam "May the Fork Be With You 2"]
[BlackTeam "Leicestershire Juniors 3"]

1. e4 e5 2. Nf3 Nc6 3. Bb5 Nf6 4. d3 Bc5 5. Bg5 d6 6. d4 exd4 7. Nxd4 O-O 8.
Bxc6 bxc6 9. Nxc6 Qe7 10. Nxe7+ Kh8 11. Nxc8 Raxc8 12. O-O Nxe4 13. Bh4 Rce8
14. Re1 Kg8 15. Qg4 d5 16. Qf5 c6 17. c4 Bb4 18. Re2 Nd6 19. Qd3 dxc4 20. Qf3
Rxe2 21. Qxe2 Re8 22. Qxe8+ Nxe8 23. g3 Bc5 24. Nc3 Bd4 25. Rd1 Bxc3 26. bxc3
h6 27. Rd8 Kf8 28. Rd7 a5 29. Be7+ Kg8 30. Rd8 Kh7 31. Rxe8 Kg6 32. Rc8 Kf5 33.
Rxc6 Ke5 34. Rxc4 Kd5 35. Rc5+ Ke4 36. Rxa5 Kd3 37. Bb4 Kc4 38. Rc5+ Kd3 39. a4
Kc2 40. a5 Kb3 41. a6 Kc2 42. a7 Kd3 43. a8=Q Ke2 44. Qe4+ Kd2 45. Rd5+ Kc1 46.
Qe2 g5 47. Rd1# 1-0

[Event "Junior Online 4NCL Division 5"]
[Site "online"]
[Date "2020.05.07"]
[Round "4.92"]
[White "Ajaykumar, Arav"]
[Black "Gill, Veer"]
[Result "0-1"]
[WhiteElo "1135"]
[BlackElo "1285"]
[PlyCount "96"]
[EventDate "2020.05.07"]
[WhiteTeam "Leicestershire Juniors 3"]
[BlackTeam "May the Fork Be With You 2"]

1. e4 e5 2. Nf3 Nc6 3. Bb5 Nf6 4. Bxc6 bxc6 5. Nxe5 Qe7 6. d4 d6 7. Nxc6 Qxe4+
8. Qe2 Bb7 9. Qxe4+ Nxe4 10. Nb4 c5 11. dxc5 dxc5 12. Nd3 c4 13. Nf4 g5 14. Nh3
g4 15. Nf4 Bd6 16. g3 O-O-O 17. Rg1 Bc5 18. Be3 Bxe3 19. fxe3 Rd7 20. Nc3 Rhd8
21. Nxe4 Bxe4 22. Rc1 Rd2 23. Rd1 Rxd1+ 24. Kf2 Rxg1 25. Kxg1 Bxc2 26. Ne2 Rd2
27. Nc3 Bg6 28. Kf1 Rxb2 29. Nd5 Rxa2 30. Ne7+ Kd7 31. Nd5 Ra1+ 32. Kf2 Ra2+
33. Kf1 Rxh2 34. Nf6+ Ke6 35. Nxg4 Rh3 36. Kf2 c3 37. Kg2 Rxg3+ 38. Kxg3 c2 39.
Nf2 c1=Q 40. Kf3 a5 41. e4 a4 42. Nd3 Qc3 43. Ke3 a3 44. e5 Qxd3+ 45. Kf2 a2
46. Kg2 a1=Q 47. Kh2 Qa2+ 48. Kg1 Qdb1# 0-1

[Event "Junior Online 4NCL Division 5"]
[Site "online"]
[Date "2020.05.07"]
[Round "4.93"]
[White "Joshi, Aarav"]
[Black "Sinha, Aarav"]
[Result "1-0"]
[WhiteElo "1150"]
[BlackElo "1202"]
[PlyCount "83"]
[EventDate "2020.05.07"]
[WhiteTeam "May the Fork Be With You 2"]
[BlackTeam "Leicestershire Juniors 3"]

1. e4 e5 2. Nf3 Nc6 3. Bc4 Nf6 4. d4 d6 5. dxe5 Bg4 6. exf6 Ne5 7. Be2 Qxf6 8.
Bg5 Qg6 9. Nxe5 Qxg5 10. Nxg4 O-O-O 11. O-O d5 12. Qd2 Qg6 13. exd5 Bc5 14. c4
Qb6 15. Nc3 Rhe8 16. Na4 Qb4 17. Qxb4 Bxb4 18. Bd3 Rd6 19. a3 Bd2 20. Rad1 Bf4
21. Bf5+ Kb8 22. Nc5 b6 23. Na6+ Kb7 24. Nb4 g6 25. Bd3 h5 26. Ne3 c5 27. Nbc2
g5 28. Rfe1 Rh8 29. Nf5 Rc6 30. dxc6+ Kxc6 31. Ne7+ Kd7 32. Bf5+ Kc7 33. Rd7+
Kb8 34. Nc6+ Kc8 35. Rd4+ Kb7 36. Rd8 Rh6 37. Ne7 h4 38. Ng8 Rh5 39. Re7+ Bc7
40. Rdd7 g4 41. Rxc7+ Ka6 42. Rxa7# 1-0

[Event "Junior Online 4NCL Division 5"]
[Site "online"]
[Date "2020.05.07"]
[Round "4.94"]
[White "Lv, Catherine Jia-Ai"]
[Black "Barbier-Ramaiah, Rohan Theo"]
[Result "0-1"]
[WhiteElo "1210"]
[BlackElo "1052"]
[PlyCount "120"]
[EventDate "2020.05.07"]
[WhiteTeam "Leicestershire Juniors 3"]
[BlackTeam "May the Fork Be With You 2"]

1. e4 e5 2. Nf3 Nc6 3. Bc4 Be7 4. O-O Nf6 5. d3 O-O 6. Nc3 h6 7. Nd5 Nxd5 8.
Bxd5 Nb4 9. Bc4 Bd6 10. c3 Nc6 11. d4 Re8 12. d5 Na5 13. Bd3 c6 14. dxc6 dxc6
15. Be2 Be6 16. Nd2 Qg5 17. Nc4 Qd8 18. Nxa5 Qxa5 19. Qxd6 Rad8 20. Qb4 Qc7 21.
c4 c5 22. Qc3 Rd4 23. b3 Rxe4 24. Bf3 Rd4 25. Be3 Rd7 26. b4 b6 27. bxc5 bxc5
28. Bd1 Red8 29. Bc2 Bg4 30. f3 Be6 31. Rae1 Rd6 32. Bb1 Qb6 33. Qxe5 f6 34.
Qc3 R8d7 35. Qc2 Qb4 36. Qh7+ Kf7 37. Qg6+ Kf8 38. Bc1 Qxb1 39. Bf4 Qxg6 40.
Bxd6+ Rxd6 41. Re2 Bxc4 42. Rfe1 Bxe2 43. Rxe2 Qb1+ 44. Kf2 Rd1 45. a3 Rf1+ 46.
Ke3 Qc1+ 47. Kd3 Qd1+ 48. Rd2 Qb1+ 49. Rc2 Rd1+ 50. Kc3 Rc1 51. Rxc1 Qxc1+ 52.
Kb3 Qb1+ 53. Kc4 Qc1+ 54. Kb5 c4 55. Ka6 c3 56. Kxa7 c2 57. a4 Qa3 58. g4 Qxa4+
59. Kb6 c1=Q 60. Kb7 Qb3+ 0-1

[Event "Junior Online 4NCL Division 5"]
[Site "online"]
[Date "2020.05.07"]
[Round "4.95"]
[White "Shen, Alex"]
[Black "Lyons, Joseph"]
[Result "1-0"]
[WhiteElo "1277"]
[BlackElo "1277"]
[PlyCount "211"]
[EventDate "2020.05.07"]
[WhiteTeam "Leicestershire Juniors 3"]
[BlackTeam "May the Fork Be With You 2"]

1. e4 e5 2. Nf3 Nc6 3. Bc4 Be7 4. Ng5 Bxg5 5. Nc3 Nf6 6. d3 Bxc1 7. Qxc1 O-O 8.
O-O d6 9. Re1 Ng4 10. h3 Nh6 11. Re3 Nd4 12. Rg3 Be6 13. Kf1 Qf6 14. Bxe6 fxe6
15. Qd2 Rf7 16. Re1 Raf8 17. Nd1 c6 18. Ree3 d5 19. c3 Nb5 20. Ref3 Qe7 21.
Rxf7 Rxf7 22. Qxh6 Kh8 23. Qe3 d4 24. cxd4 exd4 25. Qd2 Qh4 26. Rf3 Rxf3 27.
gxf3 Qxh3+ 28. Ke1 Qxf3 29. Qb4 b6 30. Qe7 h6 31. Qe8+ Kh7 32. Qxc6 Qh1+ 33.
Ke2 Qh5+ 34. Ke1 e5 35. Qxb5 Qh1+ 36. Ke2 Qh2 37. Qd7 Qh5+ 38. Ke1 Qh1+ 39. Ke2
Qh5+ 40. Ke1 Qh1+ 41. Kd2 a5 42. Qf5+ g6 43. Qf7+ Kh8 44. Qf6+ Kh7 45. Qf7+ Kh8
46. Qxg6 b5 47. Qf6+ Kh7 48. Qxe5 b4 49. Qxa5 Qh4 50. e5 Qf4+ 51. Ke1 Qf5 52.
a4 Qxd3 53. Qxb4 Qe4+ 54. Kd2 Qf4+ 55. Kd3 Qxe5 56. Qxd4 Qf5+ 57. Kc4 Qc8+ 58.
Qc5 Qg4+ 59. Qd4 Qc8+ 60. Kd3 Qa6+ 61. Ke4 Qe6+ 62. Qe5 Qg4+ 63. Qf4 Qe2+ 64.
Qe3 Qc2+ 65. Qd3 Qxa4+ 66. Qd4 Qe8+ 67. Qe5 Qa4+ 68. Qd4 Qc6+ 69. Ke3 Qc1+ 70.
Qd2 Qc5+ 71. Ke2 Qb5+ 72. Kf3 Qh5+ 73. Ke3 Qg5+ 74. Kd3 Qd8+ 75. Ke2 Qe7+ 76.
Ne3 Qe8 77. Qd3+ Kg8 78. Qd5+ Qf7 79. Qxf7+ Kxf7 80. b4 Ke7 81. b5 Kd7 82. b6
Kc6 83. Nc4 h5 84. f4 h4 85. Kf3 Kb7 86. f5 h3 87. Kg3 h2 88. Kxh2 Kc8 89. f6
Kd7 90. f7 Ke7 91. b7 Kxf7 92. b8=Q Ke6 93. Qc7 Kd5 94. Qb6 Kxc4 95. Qa5 Kd4
96. Qb5 Ke4 97. Qc5 Kf4 98. Qd5 Ke3 99. Qc4 Kf3 100. Qd4 Ke2 101. Qc3 Kf2 102.
Qd3 Ke1 103. Qc2 Kf1 104. Kg3 Ke1 105. Kf3 Kf1 106. Qf2# 1-0

[Event "Junior Online 4NCL Division 5"]
[Site "online"]
[Date "2020.05.07"]
[Round "4.96"]
[White "Gill, Veer"]
[Black "Ajaykumar, Arav"]
[Result "1-0"]
[WhiteElo "1285"]
[BlackElo "1135"]
[PlyCount "43"]
[EventDate "2020.05.07"]
[WhiteTeam "May the Fork Be With You 2"]
[BlackTeam "Leicestershire Juniors 3"]

1. d4 d5 2. c4 Nf6 3. cxd5 Nxd5 4. e4 Nb6 5. Nc3 e6 6. Nf3 Bb4 7. Qb3 a5 8. Bg5
f6 9. Bf4 Bd7 10. Bc4 Nxc4 11. Qxc4 Nc6 12. O-O O-O 13. d5 Nb8 14. dxe6 Bc6 15.
e7+ Qd5 16. exd5 Bd7 17. exf8=Q+ Bxf8 18. Qxc7 Be7 19. Bd6 Bxd6 20. Qxd6 b5 21.
Qc7 b4 22. Qb7 1-0

[Event "Junior Online 4NCL Division 5"]
[Site "online"]
[Date "2020.05.07"]
[Round "4.97"]
[White "Sinha, Aarav"]
[Black "Joshi, Aarav"]
[Result "0-1"]
[WhiteElo "1202"]
[BlackElo "1150"]
[PlyCount "138"]
[EventDate "2020.05.07"]
[WhiteTeam "Leicestershire Juniors 3"]
[BlackTeam "May the Fork Be With You 2"]

1. e4 c5 2. Bc4 Nc6 3. Nf3 e6 4. Nc3 Nf6 5. e5 d5 6. exd6 Bxd6 7. O-O O-O 8.
Re1 b6 9. b3 Bb7 10. Bb2 Re8 11. Ne4 Nxe4 12. Rxe4 e5 13. Rg4 Na5 14. Bxf7+
Kxf7 15. Ng5+ Kg8 16. Qf3 Bxf3 17. Nxf3 Nc6 18. h4 Nd4 19. Ng5 Nxc2 20. Rc1 Nd4
21. Re1 h6 22. Ne4 Qd7 23. Rg6 Be7 24. Rg3 Bxh4 25. Rg6 Re6 26. Rg4 Bf6 27. Re3
Rd8 28. Rf3 Nxf3+ 29. gxf3 Qxd2 30. Nxd2 Rxd2 31. Bc3 Rd1+ 32. Kg2 Rd3 33. Bb2
Rd2 34. Bc3 Rxa2 35. b4 cxb4 36. Bxb4 Rb2 37. Ba3 Rb3 38. Bc1 Rc6 39. Bxh6 Rc2
40. f4 exf4 41. Bxf4 Rbb2 42. Kg3 Rxf2 43. Be3 Rg2+ 44. Kh3 Rxg4 45. Kxg4 Rg2+
46. Kf3 Rg6 47. Kf4 Bg5+ 48. Kf3 Bxe3 49. Kxe3 Rc6 50. Kd4 a5 51. Kd5 Rc1 52.
Kd4 a4 53. Kd3 a3 54. Kd2 a2 55. Kxc1 a1=Q+ 56. Kc2 b5 57. Kb3 Qb1+ 58. Ka3 b4+
59. Ka4 b3 60. Kb5 b2 61. Kb4 Qc2 62. Ka3 Qc3+ 63. Ka2 Qc2 64. Ka3 g5 65. Ka2
g4 66. Ka3 g3 67. Ka2 g2 68. Ka3 g1=Q 69. Ka2 Qa7# 0-1

[Event "Junior Online 4NCL Division 5"]
[Site "online"]
[Date "2020.05.07"]
[Round "4.98"]
[White "Barbier-Ramaiah, Rohan Theo"]
[Black "Lv, Catherine Jia-Ai"]
[Result "1-0"]
[WhiteElo "1052"]
[BlackElo "1210"]
[PlyCount "59"]
[EventDate "2020.05.07"]
[WhiteTeam "May the Fork Be With You 2"]
[BlackTeam "Leicestershire Juniors 3"]

1. d4 d5 2. c4 dxc4 3. e4 Nc6 4. Nf3 Nf6 5. Nc3 e6 6. Bxc4 Na5 7. Be2 Bb4 8.
Qa4+ c6 9. Qxb4 Ng4 10. Ng5 Nh6 11. O-O b6 12. h3 c5 13. dxc5 bxc5 14. Qb5+ Bd7
15. Qxc5 Rc8 16. Qxa7 Nc6 17. Qe3 e5 18. Qf3 O-O 19. Rd1 Nb4 20. Qg3 Qc7 21.
Nf3 Be6 22. Bxh6 g6 23. Nxe5 Rfd8 24. Qg5 Rxd1+ 25. Rxd1 f6 26. Qxf6 Nxa2 27.
Qxe6+ Kh8 28. Nf7+ Kg8 29. Qxa2 Qe7 30. Nd6+ 1-0

[Event "Junior Online 4NCL Division 5"]
[Site "online"]
[Date "2020.05.07"]
[Round "4.101"]
[White "Evans, Ruben"]
[Black "Li, Reya"]
[Result "1-0"]
[WhiteElo "1727"]
[BlackElo "1427"]
[PlyCount "119"]
[EventDate "2020.05.07"]
[WhiteTeam "Blackburn's Rovers"]
[BlackTeam "Ojays F"]

1. d4 d5 2. c4 e6 3. Nc3 Nf6 4. Bg5 c6 5. e3 Nbd7 6. Nf3 Qa5 7. Bxf6 Nxf6 8. a3
Ne4 9. Qc1 Nxc3 10. Qxc3 Qxc3+ 11. bxc3 Bd7 12. cxd5 cxd5 13. Bd3 Rc8 14. Kd2
Bd6 15. Rab1 b6 16. Ba6 Rc7 17. Ra1 b5 18. Rhb1 Rc6 19. Bxb5 Rc7 20. Bxd7+ Kxd7
21. Rb3 Rhc8 22. Rab1 a6 23. Ng1 Bxh2 24. Ne2 Bd6 25. Rh1 h6 26. Rhb1 a5 27.
Rb5 Ra8 28. a4 f6 29. Rb7 e5 30. Nc1 e4 31. Rxc7+ Kxc7 32. Rb5 Kc6 33. Nb3 Bc7
34. f3 f5 35. f4 g6 36. Nc5 Kd6 37. Nb7+ Kc6 38. Nc5 Kd6 39. Kc2 Rg8 40. Nb7+
Kd7 41. Nxa5 g5 42. Rxd5+ Ke6 43. Rc5 Bxa5 44. Rxa5 gxf4 45. Ra6+ Kd5 46. Ra5+
Ke6 47. Re5+ Kd6 48. exf4 Rxg2+ 49. Kb3 Re2 50. a5 e3 51. a6 Re1 52. a7 Ra1 53.
Rxe3 Rxa7 54. Rh3 Rb7+ 55. Kc4 Rc7+ 56. Kd3 Rh7 57. Rh5 Ke6 58. c4 Ra7 59.
Rxh6+ Kd7 60. Rh7+ 1-0

[Event "Junior Online 4NCL Division 5"]
[Site "online"]
[Date "2020.05.07"]
[Round "4.102"]
[White "Genc, Guven"]
[Black "Cooper, Dylan E"]
[Result "0-1"]
[WhiteElo "1397"]
[BlackElo "1277"]
[PlyCount "56"]
[EventDate "2020.05.07"]
[WhiteTeam "Ojays F"]
[BlackTeam "Blackburn's Rovers"]

1. e4 c5 2. Nf3 Nc6 3. d4 cxd4 4. Nxd4 Nf6 5. Nc3 e5 6. Nxc6 bxc6 7. Bg5 Bb4 8.
Bc4 h6 9. Bxf6 Qxf6 10. O-O Bxc3 11. bxc3 O-O 12. Rb1 d6 13. Qd3 Rd8 14. Rfd1
Be6 15. Bb3 d5 16. f3 a5 17. Ba4 dxe4 18. Qxe4 Bxa2 19. Ra1 Bd5 20. Qe3 Rac8
21. Qb6 Qg6 22. Kf2 e4 23. Qxa5 exf3 24. gxf3 Qf6 25. Rd3 Qh4+ 26. Kg2 Re8 27.
Rf1 Re2+ 28. Kg1 Qxh2# 0-1

[Event "Junior Online 4NCL Division 5"]
[Site "online"]
[Date "2020.05.07"]
[Round "4.103"]
[White "Stanley, Isaac"]
[Black "McAndrew, Rory"]
[Result "1-0"]
[WhiteElo "1165"]
[BlackElo "1397"]
[PlyCount "49"]
[EventDate "2020.05.07"]
[WhiteTeam "Blackburn's Rovers"]
[BlackTeam "Ojays F"]

1. d4 d5 2. c4 Nf6 3. Nc3 Bf5 4. Bg5 Ne4 5. Nxe4 dxe4 6. Qa4+ Nc6 7. d5 b5 8.
Qxb5 Bd7 9. dxc6 Bf5 10. e3 Rb8 11. Qxf5 e6 12. Bxd8 Kxd8 13. Qxe4 Bb4+ 14. Ke2
Ke7 15. Rd1 f5 16. Rd7+ Ke8 17. Qd4 Bd6 18. Qxg7 Rf8 19. Nf3 Rc8 20. Ne5 Rd8
21. Rxd8+ Kxd8 22. Nf7+ Rxf7 23. Qxf7 Be7 24. Qg8+ Bf8 25. Qxf8# 1-0

[Event "Junior Online 4NCL Division 5"]
[Site "online"]
[Date "2020.05.07"]
[Round "4.104"]
[White "McAndrew, Max"]
[Black "Evans, Dylan"]
[Result "0-1"]
[WhiteElo "1390"]
[BlackElo "1067"]
[PlyCount "134"]
[EventDate "2020.05.07"]
[WhiteTeam "Ojays F"]
[BlackTeam "Blackburn's Rovers"]

1. e4 c6 2. d4 d5 3. Nc3 dxe4 4. Nxe4 Bf5 5. Bd3 Qxd4 6. Ng3 Bxd3 7. cxd3 Qd5
8. Nf3 Nf6 9. O-O e6 10. Qe2 Bd6 11. b3 Bxg3 12. fxg3 O-O 13. Ba3 Rd8 14. d4
Qb5 15. Qxb5 cxb5 16. Rac1 Nc6 17. Rfd1 Rd7 18. Ne5 Nxe5 19. dxe5 Rxd1+ 20.
Rxd1 Ne4 21. Re1 Nc3 22. Bb2 Nxa2 23. Re4 Rd8 24. Bd4 f5 25. Rf4 Nb4 26. Bxa7
Rd1+ 27. Kf2 Nd3+ 28. Ke2 Nxf4+ 29. Kxd1 Ng6 30. Bd4 Ne7 31. Bc5 Ng6 32. Bd4
Nf8 33. Kc2 Nd7 34. Kc3 Nb8 35. Kb4 Nc6+ 36. Kc5 Nxd4 37. Kxd4 Kf7 38. Kc5 Ke7
39. Kxb5 Kd7 40. Kb6 Kc8 41. Kc5 Kd7 42. Kb6 Kc8 43. b4 g5 44. Kc5 Kc7 45. h3
b6+ 46. Kc4 f4 47. gxf4 gxf4 48. Kd4 Kc6 49. Kc4 b5+ 50. Kc3 Kd5 51. Kd3 Kxe5
52. Kc3 Ke4 53. Kd2 Kd4 54. Ke2 Ke4 55. Kf2 Kd4 56. Kf3 e5 57. g4 e4+ 58. Kxf4
e3 59. Kf3 Kd3 60. g5 e2 61. Kf2 Kd2 62. h4 e1=Q+ 63. Kf3 Qe3+ 64. Kg4 Qd4+ 65.
Kh5 Ke3 66. Kh6 Qe4 67. g6 Qxg6# 0-1

[Event "Junior Online 4NCL Division 5"]
[Site "online"]
[Date "2020.05.07"]
[Round "4.105"]
[White "Li, Reya"]
[Black "Evans, Ruben"]
[Result "0-1"]
[WhiteElo "1427"]
[BlackElo "1727"]
[PlyCount "126"]
[EventDate "2020.05.07"]
[WhiteTeam "Ojays F"]
[BlackTeam "Blackburn's Rovers"]

1. e4 e6 2. d4 d5 3. e5 c5 4. c3 Nc6 5. Nf3 Qb6 6. a3 c4 7. Nbd2 Nge7 8. Be2
Ng6 9. Nf1 Na5 10. N1d2 Bd7 11. O-O Be7 12. h3 O-O 13. Qc2 Nf4 14. Re1 Nxe2+
15. Rxe2 h6 16. Rb1 Rae8 17. b3 cxb3 18. Nxb3 Ba4 19. Nxa5 Bxc2 20. Rxb6 axb6
21. Nxb7 Be4 22. Nd6 Bxd6 23. exd6 Bxf3 24. gxf3 Rd8 25. a4 Rd7 26. Kf1 Ra8 27.
Ra2 Rxd6 28. Bf4 Rd7 29. Rb2 Rb7 30. Ra2 b5 31. a5 Rba7 32. Bd6 Rxa5 33. Rb2
Rc8 34. Rb3 Ra1+ 35. Ke2 Ra2+ 36. Ke3 Rc2 37. Bb4 Kh7 38. Rb1 g5 39. Ba5 Rb8
40. Rg1 f5 41. f4 gxf4+ 42. Kf3 Rg8 43. Rf1 Rg5 44. Kxf4 Kg6 45. Bd8 Rh5 46. h4
Rxc3 47. Rb1 Rc4 48. Ke5 b4 49. Be7 f4+ 50. Kxf4 Rxd4+ 51. Ke3 Re4+ 52. Kd3 Kf7
53. Bxb4 Rhxh4 54. Bc5 Rh3+ 55. Kd2 Rf4 56. Be3 Ra4 57. Rb7+ Kf6 58. Rb2 d4 59.
Bf4 e5 60. Rb6+ Kf5 61. Bxh6 Ra2+ 62. Rb2 Rxb2+ 63. Kc1 Rxf2 0-1

[Event "Junior Online 4NCL Division 5"]
[Site "online"]
[Date "2020.05.07"]
[Round "4.106"]
[White "Cooper, Dylan E"]
[Black "Genc, Guven"]
[Result "1-0"]
[WhiteElo "1277"]
[BlackElo "1397"]
[PlyCount "103"]
[EventDate "2020.05.07"]
[WhiteTeam "Blackburn's Rovers"]
[BlackTeam "Ojays F"]

1. d4 d5 2. c4 e6 3. Nc3 dxc4 4. e4 Nc6 5. Nf3 Nf6 6. Bg5 Be7 7. Bxc4 h6 8. Bh4
b6 9. Qa4 Qd7 10. Bb5 Bb7 11. Ne5 Qd6 12. Bxc6+ Bxc6 13. Qxc6+ Qxc6 14. Nxc6 g5
15. Bg3 Bf8 16. Nb5 Kd7 17. Ne5+ Ke7 18. O-O Nxe4 19. Rac1 Kf6 20. Nd7+ Kf5 21.
Nxc7 Rd8 22. Nxf8 Rdxf8 23. Rfd1 Nxg3 24. fxg3 Rc8 25. Rf1+ Ke4 26. Rxf7 Kxd4
27. Nxe6+ Ke5 28. Rxc8 Rxc8 29. Re7 Rc1+ 30. Kf2 Rc2+ 31. Kf3 Rd2 32. Nc5+ Kf5
33. g4+ Kg6 34. Ne4 Rd3+ 35. Ke2 Rd4 36. Ke3 Rd1 37. Re6+ Kg7 38. Re7+ Kg6 39.
Rxa7 Rb1 40. b3 Re1+ 41. Kf3 Rf1+ 42. Ke2 Rg1 43. Kf2 Rc1 44. Ra6 h5 45. Rxb6+
Kh7 46. Nxg5+ Kg7 47. gxh5 Rc2+ 48. Kg3 Rxa2 49. h6+ Kg8 50. Rb7 Kh8 51. b4
Ra3+ 52. Nf3 1-0

[Event "Junior Online 4NCL Division 5"]
[Site "online"]
[Date "2020.05.07"]
[Round "4.107"]
[White "McAndrew, Rory"]
[Black "Stanley, Isaac"]
[Result "0-1"]
[WhiteElo "1397"]
[BlackElo "1165"]
[PlyCount "54"]
[EventDate "2020.05.07"]
[WhiteTeam "Ojays F"]
[BlackTeam "Blackburn's Rovers"]

1. e4 e6 2. d4 d5 3. Nc3 c5 4. e5 Nc6 5. Nf3 f6 6. exf6 Nxf6 7. Bb5 Bd7 8. Bg5
Qa5 9. dxc5 Bxc5 10. Qd2 O-O 11. Qf4 e5 12. Qg3 d4 13. Bh6 Nh5 14. Qg5 Be8 15.
g4 Rxf3 16. gxh5 Bf8 17. Rg1 Rf7 18. Bc4 dxc3 19. Bxf7+ Kxf7 20. Qf5+ Kg8 21.
Qe6+ Bf7 22. Qg4 cxb2+ 23. Ke2 Nd4+ 24. Ke3 Nxc2+ 25. Ke4 Bd5+ 26. Kf5 Nd4+ 27.
Kg5 Be7# 0-1

[Event "Junior Online 4NCL Division 5"]
[Site "online"]
[Date "2020.05.07"]
[Round "4.108"]
[White "Evans, Dylan"]
[Black "McAndrew, Max"]
[Result "1-0"]
[WhiteElo "1067"]
[BlackElo "1390"]
[PlyCount "83"]
[EventDate "2020.05.07"]
[WhiteTeam "Blackburn's Rovers"]
[BlackTeam "Ojays F"]

1. d4 d5 2. c4 e6 3. Nc3 Bb4 4. a3 Bxc3+ 5. bxc3 dxc4 6. e4 Nf6 7. e5 Ne4 8.
Qc2 Ng5 9. Bxg5 Qxg5 10. Bxc4 Nc6 11. f3 Qe3+ 12. Ne2 Na5 13. Qa4+ Nc6 14. Rd1
Bd7 15. Qb3 Na5 16. Qb4 Nxc4 17. Qxc4 c6 18. Rd3 Qg5 19. Rg1 Qh4+ 20. Ng3 Qxh2
21. Kf2 Qh4 22. Rh1 Qg5 23. Ne4 Qf5 24. g4 Qg6 25. Nd6+ Ke7 26. Nxb7 Rab8 27.
Qc5+ Ke8 28. Nd6+ Kd8 29. Rd2 Kc7 30. Qxa7+ Rb7 31. Qxb7+ Kd8 32. Qb8+ Ke7 33.
Qxh8 f6 34. Qxh7 Qg5 35. Ne4 Qf4 36. Qxg7+ Kd8 37. Qxf6+ Kc7 38. Qxf4 Be8 39.
Rh7+ Kd8 40. Qf8 c5 41. Qe7+ Kc8 42. Qc7# 1-0

[Event "Junior Online 4NCL Division 5"]
[Site "online"]
[Date "2020.05.07"]
[Round "4.111"]
[White "Atkinson, Matthew"]
[Black "Lang, Fred"]
[Result "0-1"]
[WhiteElo "1247"]
[BlackElo "1307"]
[PlyCount "44"]
[EventDate "2020.05.07"]
[WhiteTeam "SASCA Sharks"]
[BlackTeam "Liverpool 2"]

1. e4 e5 2. Nf3 Nc6 3. Bc4 Bc5 4. d3 Nf6 5. Ng5 O-O 6. O-O d5 7. Bxd5 Nxd5 8.
exd5 Qxd5 9. Nc3 Qd6 10. Nce4 Qe7 11. Qe2 Nd4 12. Qd2 h6 13. Nf3 Nxf3+ 14. gxf3
Bb6 15. f4 Bh3 16. Re1 exf4 17. Qxf4 f5 18. Qg3 fxe4 19. Qxh3 Bxf2+ 20. Kf1
Bxe1+ 21. Kxe1 exd3+ 22. Kd1 Qe2# 0-1

[Event "Junior Online 4NCL Division 5"]
[Site "online"]
[Date "2020.05.07"]
[Round "4.112"]
[White "Esparza, Santiago"]
[Black "Wang, Xiaorui"]
[Result "1-0"]
[WhiteElo "1180"]
[BlackElo "1030"]
[PlyCount "79"]
[EventDate "2020.05.07"]
[WhiteTeam "Liverpool 2"]
[BlackTeam "SASCA Sharks"]

1. e4 c6 2. Nf3 d6 3. Nc3 Nf6 4. d4 c5 5. d5 Bg4 6. Be2 g6 7. Be3 Bg7 8. Qd2
O-O 9. Bh6 Nbd7 10. Bxg7 Kxg7 11. O-O-O Ne5 12. Nxe5 dxe5 13. Bxg4 Nxg4 14. f3
Nf6 15. g4 Qd6 16. g5 Nd7 17. h4 Kg8 18. h5 Rac8 19. hxg6 Qxg6 20. Rh6 Qg7 21.
Rg1 f6 22. a3 b6 23. Rg2 Rf7 24. gxf6 Rxf6 25. Rxf6 Nxf6 26. Rxg7+ Kxg7 27.
Qg2+ Kf7 28. Qg3 Rg8 29. Qxe5 Rg1+ 30. Kd2 Rf1 31. f4 Rf2+ 32. Ne2 Rg2 33. Qc7
Nxe4+ 34. Kd1 Nf2+ 35. Ke1 Ne4 36. Qxa7 Rh2 37. Nc3 Rh1+ 38. Ke2 Ng3+ 39. Kf3
Rh3 40. Kg4 1-0